Sports Quiz

Random Sports or NFL Quiz
Score 0/100 Timer 10:00
0 Plays Today
# of Yards Receiver % Correct
1,964Calvin Johnson
100%
1,598Andre Johnson
98.5%
1,434Demaryius Thomas
97%
1,174Steve Smith
97%
1,046Steve Johnson
97%
855Torrey Smith
97%
1,382Dez Bryant
95.5%
1,508Brandon Marshall
93.9%
1,384Vincent Jackson
93.9%
1,355Reggie Wayne
93.9%
1,354Wes Welker
93.9%
1,351Roddy White
93.9%
1,198Julio Jones
93.9%
1,092Victor Cruz
93.9%
784James Jones
93.9%
700DeSean Jackson
93.9%
1,350A.J. Green
92.4%
790Rob Gronkowski
92.4%
1,154Marques Colston
90.9%
1,039Jason Witten
90.9%
982Jimmy Graham
90.9%
836Mike Wallace
89.4%
787Antonio Brown
89.4%
745Jordy Nelson
89.4%
1,105Michael Crabtree
87.9%
1,064Eric Decker
87.9%
798Larry Fitzgerald
87.9%
1,041Lance Moore
86.4%
921Anquan Boldin
86.4%
741Denarius Moore
86.4%
996Mike Williams
84.8%
801Dwayne Bowe
84.8%
1,083Brian Hartline
81.8%
943Miles Austin
81.8%
# of Yards Receiver % Correct
857Jeremy Maclin
81.8%
573Santana Moss
81.8%
954Randall Cobb
80.3%
930Tony Gonzalez
80.3%
816Heath Miller
80.3%
483Aaron Hernandez
80.3%
748Sidney Rice
78.8%
478Ray Rice
78.8%
865Justin Blackmon
77.3%
861T.Y. Hilton
77.3%
692Hakeem Nicks
77.3%
633Pierre Garcon
77.3%
911Brandon Lloyd
75.8%
548Vernon Davis
75.8%
843Greg Olsen
74.2%
814Malcolm Floyd
72.7%
716Owen Daniels
72.7%
677Percy Harvin
72.7%
606Darius Heyward-Bey
72.7%
589Kenny Britt
72.7%
562Michael Floyd
72.7%
979Cecil Shorts III
71.2%
538Antonio Gates
71.2%
746Nate Washington
69.7%
666Danny Amendola
69.7%
827Jeremy Kerley
68.2%
688Golden Tate
68.2%
684Brent Celek
68.2%
778Davone Bess
66.7%
667Jermichael Finley
66.7%
540Marcedes Lewis
66.7%
737Jermaine Gresham
65.2%
805Josh Gordon
63.6%
669Dennis Pitta
63.6%
# of Yards Receiver % Correct
567Brandon Pettigrew
63.6%
677Brandon LaFell
62.1%
647Greg Little
62.1%
667Darren Sproles
60.6%
626Martellus Bennett
60.6%
518Kevin Walter
59.1%
648Jason Avant
57.6%
626Emmanuel Sanders
57.6%
626Kendall Wright
56.1%
493Kyle Rudolph
56.1%
781Donnie Avery
53%
523Jared Cook
51.5%
472Doug Martin
51.5%
555Jacob Tamme
50%
806Brandon Myers
48.5%
759Andre Roberts
47%
571Scott Chandler
45.5%
501Benjamin Watson
45.5%
698Chris Givens
43.9%
544Brandon Stokley
43.9%
521Dwayne Allen
43.9%
658Danario Alexander
42.4%
533Andre Hawkins
39.4%
510Josh Morgan
37.9%
691Brandon Gibson
36.4%
504Tony Scheffler
34.8%
485Joique Bell
34.8%
543Leonard Hankerson
33.3%
519Lance Kendricks
33.3%
496Marcel Reece
31.8%
584Rod Streater
28.8%
567Domenik Hixon
27.3%

You're not logged in!

Compare scores with friends on all Sporcle quizzes.
OR
Log In

Sporcle TV

Today on Sporcle TV


Watch our educational content, quiz creation guides, and fun videos on Sporcle TV.

Show Comments

Extras

Top Quizzes Today


Score Distribution

Paid Content

Your Account Isn't Verified!

In order to create a playlist on Sporcle, you need to verify the email address you used during registration. Go to your Sporcle Settings to finish the process.

Report this User

Report this user for behavior that violates our Community Guidelines.

Details: